Anuario estadístico Portugal 1986 continente, acores e Madeira

Enregistré dans:
Détails bibliographiques
Format: Livre
Langue:portugais
Publié: Lisboa Instituto Nacional de Estatística 1986
Édition:1. ed.
Tags: Ajouter un tag
Pas de tags, Soyez le premier à ajouter un tag!

MARC

LEADER 00000nam a2200000 4500
001 c028024
005 20221220071020.3
041 0 |a por 
044 |a PT 
245 1 0 |a Anuario estadístico Portugal 1986  |b continente, acores e Madeira 
250 |a 1. ed. 
264 1 |a Lisboa  |b Instituto Nacional de Estatística  |c 1986 
300 |a 321 s.